BUBT Library Online Catalog

Introduction to information technology. (Record no. 273)

000 -LEADER
fixed length control field 00758nam a22002537a 4500
008 - FIXED-LENGTH DATA ELEMENTS--GENERAL INFORMATION
fixed length control field 130429b xxu||||| |||| 00| 0 eng d
020 ## - INTERNATIONAL STANDARD BOOK NUMBER
International Standard Book Number 9971-51-321-8
024 ## - OTHER STANDARD IDENTIFIER
Terms of availability Available
037 ## - SOURCE OF ACQUISITION
Terms of availability Available
040 ## - CATALOGING SOURCE
Original cataloging agency MBSTU LIBRARY
Modifying agency MBSTU LIBRARY
082 ## - DEWEY DECIMAL CLASSIFICATION NUMBER
Edition number 22
Classification number 658.05 TUI
100 ## - MAIN ENTRY--PERSONAL NAME
Personal name Turban , Efrain
110 ## - MAIN ENTRY--CORPORATE NAME
Corporate name or jurisdiction name as entry element R.Kelly Rainer and Richard E. Potter.
245 ## - TITLE STATEMENT
Title Introduction to information technology.
260 ## - PUBLICATION, DISTRIBUTION, ETC. (IMPRINT)
Place of publication, distribution, etc. New York
Name of publisher, distributor, etc. John Wiley and Sons.
Date of publication, distribution, etc. 2000
300 ## - PHYSICAL DESCRIPTION
Extent 26 cm.
Other physical details 550 page
Type of unit 8
Size of unit 26 cm.
600 ## - SUBJECT ADDED ENTRY--PERSONAL NAME
Personal name Information technology.
650 ## - SUBJECT ADDED ENTRY--TOPICAL TERM
Source of heading or term Information technology.
700 ## - ADDED ENTRY--PERSONAL NAME
Personal name Turban , Efrain
270 ## - ADDRESS
Address New York
City New York
Country USA
365 ## - TRADE PRICE
Price amount 4400.00
Unit of pricing 4400.00
942 ## - ADDED ENTRY ELEMENTS (KOHA)
Source of classification or shelving scheme
Koha item type Books

No items available.

More Information About Library

Library Hours

  • Open: 9.00 am. to 9.00 pm.
  • Only Sunday: 9.00 am. to 6.00 pm.
  • Closed: Holiday

Contact to the University

Bangladesh University of Business and Technology Library

  • Mirpurl-2, 1216.
  • Phone:
  • Fax:
  • E-Mail: admin.library@bubt.edu.bd

Contact to the Library

Contact Person:

Md. Abdul Hakim Shah
Joint Librarian
PABX No:  113
Cell No: 01816332931
E-mail: official: admin.library@bubt.edu.bd
Personal: hakim.shah@bubt.edu.bd


BUBT Library

Copyright © 2021